Herzog & de Meuron, 2005 - 2010 : programa, monumento, paisaje /
| Korporativní autor: | |
|---|---|
| Další autoři: | , |
| Médium: | Kniha |
| Jazyk: | Multiple English Spanish |
| Vydáno: |
Madrid :
El Croquis,
c2010.
|
| Edice: | El Croquis, 152/153.
|
| Témata: | |
| Classic Catalogue: | View this record in Classic Catalogue |
| LEADER | 01148nam a2200301 a 4500 | ||
|---|---|---|---|
| 001 | 00026588 | ||
| 008 | 130309s2010 sp 000 0 mul d | ||
| 999 | |c 13218 |d 13218 | ||
| 020 | |a 9788488386625 | ||
| 022 | |a 0212-5633 | ||
| 040 | |a BD-DhAAL |c BD-DhAAL | ||
| 041 | |a eng |a spa | ||
| 082 | 0 | 0 | |a 720.92243 |2 23 |
| 245 | 1 | 0 | |a Herzog & de Meuron, 2005 - 2010 : |b programa, monumento, paisaje / |c editores, Fernando Marquez Cecilia, Richard C Levene. |
| 260 | |a Madrid : |b El Croquis, |c c2010. | ||
| 300 | |a 379 S. : |b uberw. ill. ; |c 34 cm. | ||
| 490 | 1 | |a El Croquis, 152/153. | |
| 526 | |a ARC | ||
| 541 | 1 | |e 00026588 | |
| 546 | |a Text span. und engl. | ||
| 610 | 2 | 0 | |a Herzog & de Meuron. |9 32428 |
| 650 | 0 | |a Architecture, Modern |y 20th century |9 32429 | |
| 700 | 1 | |a Cecilia, Fernando Marquez. |9 32430 | |
| 700 | 1 | |a Levene, Richard C. |9 32431 | |
| 710 | 2 | |a Koolhaas, Rem. |9 32432 | |
| 852 | 1 | |a Ayesha Abed Library |j General Shelf. | |
| 942 | |2 ddc |c BK | ||
| 952 | |0 0 |1 0 |2 ddc |4 0 |6 720_922430000000000_HER |7 0 |9 22000 |a BRACUL |b BRACUL |c GEN |d 2013-03-11 |e Essence Science and Publishers |g 8400.00 |l 6 |m 35 |o 720.92243 HER |p 3010026588 |r 2025-11-10 |s 2025-10-15 |t 1 |w 2013-03-11 |y BK | ||